[Event "Bol op"]
[Site "Bol"]
[Date "2010.09.17"]
[Round "6"]
[White "Bogacov, Alexei"]
[Black "Kolak, Mate"]
[Result "1-0"]
[WhiteElo "2059"]
[BlackElo "1723"]
[PlyCount "43"]
[EventDate "2010.09.14"]
[EventType "swiss"]
[EventRounds "9"]
[EventCountry "CRO"]
[SourceTitle "CBM 138 Extra"]
[Source "ChessBase"]
[SourceDate "2010.10.29"]
[SourceVersion "1"]
[SourceVersionDate "2010.10.29"]
[SourceQuality "1"]

1. e4 e6 2. d4 d5 3. Nd2 Bb4 4. c3 Ba5 5. Bd3 c6 6. Nb3 Bc7 7. e5 b5 8. Qg4 g6 9. h4 f5 10. Qg3 Nf6 11. Bh6 Rg8 12. Bg5 Nh5 13. Bxd8 Nxg3 14. Bxc7 Nxh1 15. Nf3 Na6 16. Bd6 b4 17. cxb4 Nxb4 18. Bxb4 Rb8 19. Bd6 Rb6 20. Ke2 Nxf2 21. Kxf2 a5 22. Bc7 1-0

[Event "Bol op"]
[Site "Bol"]
[Date "2010.09.16"]
[Round "4"]
[White "Kozarcanin, Sead"]
[Black "Kolak, Mate"]
[Result "1-0"]
[WhiteElo "2154"]
[BlackElo "1723"]
[PlyCount "37"]
[EventDate "2010.09.14"]
[EventType "swiss"]
[EventRounds "9"]
[EventCountry "CRO"]
[SourceTitle "CBM 138 Extra"]
[Source "ChessBase"]
[SourceDate "2010.10.29"]
[SourceVersion "1"]
[SourceVersionDate "2010.10.29"]
[SourceQuality "1"]

1. e4 e6 2. d3 Bb4+ 3. c3 Ba5 4. Nf3 b5 5. a4 c6 6. Nbd2 Bb7 7. d4 a6 8. Bd3 Ne7 9. e5 d6 10. exd6 Qxd6 11. Ne4 Qd7 12. Ne5 Qd8 13. Nc5 Qxd4 14. Nxf7 0-0 15. Bxh7+ Kxh7 16. Qxd4 Nf5 17. Ng5+ Kg6 18. Qg4 Nh6 19. Qe4+ 1-0

[Event "Osijek op"]
[Site "Osijek"]
[Date "2009.01.31"]
[Round "1"]
[White "Kolak, Mate"]
[Black "Kovacevic, Srecko"]
[Result "0-1"]
[WhiteElo "1738"]
[BlackElo "2098"]
[PlyCount "114"]
[EventDate "2009.01.31"]
[EventType "swiss"]
[EventRounds "9"]
[EventCountry "CRO"]
[SourceTitle "EXT 2010"]
[Source "ChessBase"]
[SourceDate "2010.11.25"]
[SourceVersion "1"]
[SourceVersionDate "2010.11.25"]
[SourceQuality "1"]

1. d4 Nf6 2. c4 b6 3. Nc3 Bb7 4. Bg5 d6 5. Bxf6 exf6 6. d5 f5 7. Qc2 g6 8. g3 Nd7 9. Bg2 Qe7 10. Nf3 Bg7 11. 0-0 0-0 12. Rfe1 Nc5 13. Rad1 Rfe8 14. b4 Ne4 15. Nxe4 fxe4 16. Nd4 a6 17. e3 Rad8 18. a4 h5 19. Nc6 Bxc6 20. dxc6 Qe5 21. Rd5 Qc3 22. Qxc3 Bxc3 23. Rb1 a5 24. bxa5 Bxa5 25. Bh3 f5 26. Bf1 Re5 27. Be2 Kf7 28. Kg2 Kf6 29. Rbd1 Rde8 30. h3 Bb4 31. g4 fxg4 32. hxg4 h4 33. Rxe5 Rxe5 34. Rd5 g5 35. f4 exf3+ 36. Kxf3 Bc5 37. e4 Ke7 38. Rd2 Re6 39. Bd3 Rf6+ 40. Kg2 Rf4 41. Kh3 Bd4 42. Bc2 Be5 43. Bd1 Rxe4 44. Be2 Re3+ 45. Kg2 Ra3 46. Bd1 h3+ 47. Kf1 Rc3 48. Rc2 Rxc2 49. Bxc2 Kf6 50. Be4 Bd4 51. Ke2 Ke5 52. Kd3 Bc5 53. Bd5 Kf4 54. Ke2 Kxg4 55. Kf1 Kg3 56. Be4 g4 57. Bd5 Kh4 0-1